Normal view
MARC view
- WIRELESS LOCAL AREA NETWORKS WIRELESS METROPOLITAN NETWORKS WIRELESS WIDE AREA NETWORKS LANS MANS WANS
Entry Topical Term
001 - CONTROL NUMBER
- control field: 56131
003 - CONTROL NUMBER IDENTIFIER
- control field: NUST
005 - DATE AND TIME OF LATEST TRANSACTION
- control field: 20210628201635.0
008 - FIXED-LENGTH DATA ELEMENTS
- fixed length control field: 210628|| aca||aabn | a|a d
040 ## - CATALOGING SOURCE
- Original cataloging agency: NUST
- Transcribing agency: NUST
150 ## - HEADING--TOPICAL TERM
- Topical term or geographic name entry element: WIRELESS LOCAL AREA NETWORKS WIRELESS METROPOLITAN NETWORKS WIRELESS WIDE AREA NETWORKS LANS MANS WANS
670 ## - SOURCE DATA FOUND
- Source citation: Work cat.: (NUST): Geier, Jim 56130, Wireless networking handbook, 1998
